| 000 | 00000nam 2200000zi 4500 |
| 001 | 9.922143 |
| 003 | CaOODSP |
| 005 | 20230502112115 |
| 006 | m o d f |
| 007 | cr |n||||||||| |
| 008 | 230502s2006 onc o f000 0 eng d |
| 040 | |aCaOODSP|beng|erda|cCaOODSP |
| 043 | |an-cn-bc |
| 086 | 1 |aIu4-374/2006E-PDF |
| 245 | 10|a2010 business opportunities. |
| 264 | 1|a[Ottawa] : |bIndustry Canada, |c[2006] |
| 300 | |a1 online resource (73 pages) |
| 336 | |atext|btxt|2rdacontent |
| 337 | |acomputer|bc|2rdamedia |
| 338 | |aonline resource|bcr|2rdacarrier |
| 500 | |aDigitized edition from print [produced by Innovation, Science and Economic Development Canada]. |
| 650 | 0|aBusiness planning|zBritish Columbia. |
| 650 | 0|aWinter Olympics|xPlanning. |
| 650 | 0|aGovernment purchasing|zBritish Columbia. |
| 650 | 0|aPublic contracts|zBritish Columbia. |
| 650 | 6|aEntreprises|xPlanification|zColombie-Britannique. |
| 650 | 6|aJeux olympiques d'hiver|xPlanification. |
| 650 | 6|aApprovisionnement public|zColombie-Britannique. |
| 650 | 6|aContrats administratifs|zColombie-Britannique. |
| 710 | 1 |aCanada. |bIndustry Canada, |eissuing body. |
| 856 | 40|qPDF|s1.97 MB|uhttps://publications.gc.ca/collections/collection_2023/isde-ised/iu4/Iu4-374-2006-eng.pdf |